[Event "ZMDI Open 2018"]
[Site "Dresden"]
[Date "2018.08.04"]
[Round "2.5"]
[White "Andreas, Heimann"]
[Black "Wichmann, Cliff"]
[Result "1-0"]
[WhiteElo "2590"]
[BlackElo "2305"]
[Annotator "TA"]
[PlyCount "61"]
[EventDate "2018.08.04"]
[EventType "swiss"]
[EventCountry "GER"]
[SourceTitle "playchess.com"]
[Source "ChessBase"]
[SourceQuality "1"]

{[%evp 18,61,22,13,41,25,137,16,16,16,20,21,27,27,35,16,33,22,39,33,85,67,126,134,137,125,191,181,183,202,385,234,243,252,448,433,425,437,631,681,1318,1016,2064,1958,29990,2416]} 1. e4 e6 2. d4 d5 3. Nc3 Nf6 4. e5 Nfd7 5. f4 c5 6. Nf3 Nc6 7. Be3 Be7 8. dxc5 O-O 9. Qd2 Qa5 {C11: Französische Verteidigung} 10. a3 {LiveBook: 4 Partien} a6 $146 ({Vorgänger:} 10... Bxc5 11. O-O-O Rd8 12. Bxc5 Nxc5 13. h4 Bd7 14. h5 h6 15. g4 Be8 16. Qe3 d4 17. Nxd4 Nxd4 18. Rxd4 {½-½ (26) Inarkiev,E (2689)-Volkov,S (2645) St Petersburg 2017}) 11. Bd3 Bxc5 (11... Nxc5 $11 {hält das Gleichgewicht.} 12. O-O Nxd3 13. cxd3 Qd8) 12. Bxc5 (12. Bxh7+ $1 $16 Kxh7 13. Ng5+ Kg8 14. Qd3) 12... Nxc5 $11 13. O-O {b4 ist eine echte Drohung.} Nxd3 14. Qxd3 h6 15. Qe3 Bd7 16. Rad1 {[%cal Ba1d1,Bd1d2,Bd2g2][%mdl 32]} Rac8 17. Ne2 Ne7 18. Ned4 Rc7 (18... Qb6 $14) 19. Rd2 $16 Rfc8 (19... Rb8 $14) 20. g4 $1 Qc5 21. Rg2 b5 {[#]} (21... Rf8 $16) 22. Kh1 $1 $18 a5 {[#]} 23. Rfg1 $1 Kf8 $2 (23... Kh8 {war nötig.} 24. f5 exf5) 24. Qd3 {zielt auf Dh7 ab.} Ng6 25. Qd2 b4 $2 (25... Rc6 {war einen Versuch wert.} 26. f5 Ne7 27. Nxc6 Qxc6) 26. axb4 Qxb4 27. c3 Qb8 (27... Qe7 $142 28. f5 Nh8) 28. f5 Ne7 29. g5 {[%cal Bg4g5,Bg5h6][%mdl 32]} exf5 30. gxh6 g6 31. Qg5 {Precision: Weiß = 69%, Schwarz =  5%.} (31. h7 $142 Kg7 32. Qg5 Kxh7 33. Qh4+ Kg7 34. Qxe7 Qb6 35. Rxg6+ Qxg6 36. Rxg6+ Kxg6 37. Qf6+ Kh7 38. Ng5+ Kg8 39. Qxf7+ Kh8 40. Qh7#) 1-0

[Event "ZMDI Open 2018"]
[Site "Dresden"]
[Date "2018.08.04"]
[Round "2.5"]
[White "Heimann, Andreas"]
[Black "Wichmann, Cliff"]
[Result "1-0"]
[WhiteElo "2590"]
[BlackElo "2305"]
[Annotator "TA"]
[PlyCount "61"]
[EventDate "2018.08.04"]
[EventType "swiss"]
[EventCountry "GER"]
[SourceTitle "playchess.com"]
[Source "ChessBase"]
[SourceQuality "1"]

{[%evp 18,61,21,16,64,17,153,18,18,18,17,17,36,25,36,23,15,13,37,31,81,61,116,131,125,124,181,171,205,200,368,192,344,334,433,435,465,446,672,656,1357,1333,2268,2167,29990,2339]} 1. e4 {[%cal Be2e4,Be4e5][%mdl 32]} e6 2. d4 d5 3. Nc3 Nf6 4. e5 Nfd7 5. f4 c5 6. Nf3 Nc6 7. Be3 Be7 8. dxc5 O-O 9. Qd2 Qa5 {C11: French: Classical System: 4 e5 and 4 Bg5 dxe4} 10. a3 {LiveBook: 4 Games} a6 $146 ({Predecessor:} 10... Bxc5 11. O-O-O Rd8 12. Bxc5 Nxc5 13. h4 Bd7 14. h5 h6 15. g4 Be8 16. Qe3 d4 17. Nxd4 Nxd4 18. Rxd4 {½-½ (26) Inarkiev,E (2689)-Volkov,S (2645) St Petersburg 2017}) 11. Bd3 Bxc5 (11... Nxc5 $11 12. Be2 Qc7) 12. Bxc5 (12. Bxh7+ $1 $16 Kxh7 13. Ng5+ Kg8 14. Qd3) 12... Nxc5 $11 13. O-O {Threatens to win with b4.} Nxd3 14. Qxd3 h6 15. Qe3 Bd7 16. Rad1 {[%cal Ba1d1,Bd1d2,Bd2g2][%mdl 32]} Rac8 17. Ne2 Ne7 18. Ned4 Rc7 19. Rd2 Rfc8 (19... Rb8 $14) 20. g4 $16 Qc5 21. Rg2 b5 (21... a5 $16) 22. Kh1 $18 a5 {[#]} 23. Rfg1 $1 Kf8 $2 {[#]} (23... Kh8 24. f5 exf5) 24. Qd3 (24. f5 $142 $1 {[%mdl 512]}) 24... Ng6 $2 (24... Kg8 {keeps fighting.} 25. g5 h5) 25. Qd2 b4 26. axb4 Qxb4 27. c3 Qb8 (27... Qe7 $142 28. f5 Nh8) 28. f5 Ne7 29. g5 {[%cal Bg4g5,Bg5h6][%mdl 32]} exf5 30. gxh6 g6 31. Qg5 {Precision: White = 77%, Black =  4%.} (31. h7 $142 Kg7 32. Qg5 Kxh7 33. Qh4+ Kg8 34. Ng5 Kf8 35. Qh6+ Ke8 36. Qh8+ Ng8 37. Qxg8+ Ke7 38. Qxf7+ Kd8 39. Nge6+ Bxe6 40. Nxe6#) 1-0

[Event "ZMDI Open 2018"]
[Site "Dresden"]
[Date "2018.08.04"]
[Round "2.6"]
[White "Lutz, Bernhard"]
[Black "Khenkin, Igor"]
[Result "1/2-1/2"]
[WhiteElo "2334"]
[BlackElo "2566"]
[Annotator "TA"]
[PlyCount "60"]
[EventDate "2018.08.04"]
[EventType "swiss"]
[EventCountry "GER"]
[SourceTitle "playchess.com"]
[Source "ChessBase"]
[SourceQuality "1"]

{[%evp 21,60,29,47,20,35,32,31,26,24,35,46,49,65,49,53,45,75,82,64,80,79,68,71,62,67,30,46,0,0,0,0,0,0,0,0,0,0,0,0,0,0]} 1. d4 d5 2. c4 c6 3. cxd5 cxd5 4. Nf3 Nc6 5. Nc3 Nf6 6. Bf4 Ne4 7. e3 Nxc3 8. bxc3 g6 9. Ne5 Bg7 10. Nxc6 {D13: Slav Defence: Exchange variation without ...Bf5} bxc6 11. Qa4 O-O {LiveBook: 14 Games} 12. Be2 {White is slightly better.} (12. Bd3 e5 13. dxe5 Be6 14. O-O Qc7 15. c4 Bxe5 16. Bxe5 Qxe5 17. c5 Rab8 {½-½ (45) Rakhmanov,A (2623)-Ernst,S (2527) Teplice 2015}) 12... Bd7 13. O-O c5 14. Bb5 Bxb5 15. Qxb5 c4 16. Rab1 a6 $146 ({Predecessor:} 16... Re8 17. Rfd1 e6 {1-0 (29) Sergeev,V (2507)-Vavra,P (2363) Teplice 2011}) 17. Qa4 Re8 18. Rfd1 e5 19. dxe5 Bxe5 20. Bxe5 Rxe5 21. Qc6 Rb8 22. h3 (22. Qc5 {keeps more tension.} Rc8 23. Qd4 Qe7 24. g3 Rd8 25. Rb7) 22... h5 23. Rxb8 Qxb8 24. Rxd5 Rxd5 {The position is equal.} 25. Qxd5 $14 {[%mdl 4096] Endgame KQ-KQ} Qb1+ 26. Kh2 Qxa2 27. Qd8+ Kg7 28. Qd4+ Kg8 29. Qd8+ Kg7 30. Qd4+ Kg8 {Precision: White = 48%, Black = 55%.} 1/2-1/2

[Event "ZMDI Open 2018"]
[Site "Dresden"]
[Date "2018.08.04"]
[Round "3.1"]
[White "Carow, Johannes"]
[Black "Li, Chao b"]
[Result "0-1"]
[WhiteElo "2445"]
[BlackElo "2714"]
[Annotator "TA"]
[PlyCount "84"]
[EventDate "2018.08.04"]
[EventType "swiss"]
[EventCountry "GER"]
[SourceTitle "playchess.com"]
[Source "ChessBase"]
[SourceQuality "1"]

{[%evp 22,84,30,32,58,47,52,47,44,20,27,16,19,24,33,41,58,-13,-21,-14,-14,-29,-20,-31,-37,-84,-102,-149,-136,-171,0,0,0,0,0,0,0,0,0,0,0,0,0,-38,-22,-87,-79,-84,-69,-95,-18,-470,-466,-429,-452,-669,-650,-1016,-930,-29972,-29973,-29971,-29974,-29973,-29975]} 1. d4 e6 2. c4 Nf6 3. Nc3 Bb4 4. e3 O-O 5. Nge2 d5 6. a3 Be7 7. cxd5 exd5 8. Nf4 c6 9. Bd3 Bd6 10. O-O Re8 11. f3 {E46: Nimzo-Indian: Rubinstein: 4 e3 0-0 5 Ne2 without early Bd3} Bxf4 (11... Na6 12. Bc2 Bxf4 13. exf4 Nc7 14. f5 b6 15. Bf4 Bb7 16. Qd2 Re7 17. g4 Nfe8 18. Rf2 f6 {1-0 (30) Bocharov,D (2560)-Anand,V (2803) Berlin 2015}) 12. exf4 {LiveBook: 11 Games} b5 13. Kh1 {White is slightly better.} Nbd7 14. g4 $146 ({Predecessor:} 14. f5 Nb6 15. b3 a5 16. Bg5 Qd6 17. Qd2 a4 18. b4 Nc4 19. Bxc4 dxc4 20. Bxf6 Qxf6 {½-½ (54) Galyas,M (2412)-Rigo,J (2297) Balatonalmadi 2012}) 14... Qb6 15. b4 a5 {next ...axb4 is good for Black.} 16. Rb1 axb4 17. axb4 Qc7 18. Qc2 {Black must now prevent g5.} Qd6 19. g5 (19. Qf2 $14) 19... Nh5 $11 {[%cal Bf6h5,Bh5f4,Bf4e6][%mdl 32]} 20. Bxh7+ Kh8 21. Bf5 g6 22. Bg4 Nxf4 23. Qd2 Ne6 24. f4 Ng7 $1 25. f5 gxf5 $2 (25... Nf8 $1 $19 {[%cal Rc8f5]} 26. fxg6 Bxg4 27. gxf7 Re6) 26. Bxf5 Nxf5 $40 {[%mdl 128] Black mounts an attack.} 27. Rxf5 Qg6 28. Qf2 Re1+ 29. Kg2 $1 Kg8 30. Rf3 $1 Re7 31. Bd2 Nf8 32. Rf1 (32. Rf6 $5 {[%cal Rf6g6]} Qd3 33. Rf3 $11) 32... Qh5 33. g6 (33. Kh1 $11 {remains equal.}) 33... Nxg6 $17 34. Rg3 {[#]} Ra2 $1 {[%mdl 512]} 35. Kh1 {[#]} (35. Nxa2 Re2) 35... Rc2 (35... Rb2 $1 $17 {Threatens to win with ...Bg4.} 36. Qf4 Kf8) 36. Rxg6+ $2 {[%mdl 8192]} (36. Rfg1 $1 $11) 36... Qxg6 $19 37. Rg1 Bg4 38. h3 (38. Rg3 $142 Kh7 39. Qf4) 38... f5 {[%cal Bf7f5,Bf5g4][%mdl 32]} 39. hxg4 fxg4 {Hoping for ...Rh7+.} 40. Rg3 Qh5+ {Black mates.} 41. Kg1 Rh7 {[%csl Gh7][%cal Rh5h1]} 42. Qg2 {[#]} Rxd2 $1 {[%mdl 512] Precision: White = 35%, Black = 76%.} 0-1

[Event "ZMDI Open 2018"]
[Site "Dresden"]
[Date "2018.08.04"]
[Round "3.2"]
[White "Li, Di"]
[Black "Onischuk, Vladimir"]
[Result "1/2-1/2"]
[WhiteElo "2441"]
[BlackElo "2627"]
[Annotator "TA"]
[PlyCount "116"]
[EventDate "2018.08.04"]
[EventType "swiss"]
[EventCountry "GER"]
[SourceTitle "playchess.com"]
[Source "ChessBase"]
[SourceQuality "1"]

{[%evp 16,116,47,2,5,-8,0,0,38,38,69,62,56,60,106,33,34,33,62,42,33,29,33,33,35,37,43,39,57,12,38,45,69,69,66,62,61,56,72,58,61,66,55,45,50,35,34,38,64,52,125,125,133,133,129,116,133,83,95,103,136,97,85,0,0,0,37,33,66,23,68,61,75,52,90,90,68,79,192,175,209,51,133,135,110,94,93,91,99,90,140,0,0,0,0,0,0,0,0,0,0,0,0]} 1. d4 d6 2. e4 Nf6 3. Bd3 g6 4. Nf3 Bg7 5. O-O O-O 6. Re1 Nc6 7. c3 {[%cal Bc2c3,Bc3d4,Bd4d5][%mdl 32]} e5 8. h3 a5 {B07: Pirc Defence: Miscellaneous Systems} (8... Re8 9. Na3 b6 10. Nc2 Bb7 11. Bg5 h6 12. Bd2 Qe7 13. b4 Qf8 14. d5 Ne7 15. c4 Nd7 16. a4 f5 17. a5 {0-1 (39) Wei,Y (2734)-Dubov,D (2696) Liaocheng 2018}) 9. Nbd2 {LiveBook: 3 Games} exd4 10. cxd4 Nd7 11. d5 Nc5 $146 (11... Nce5 $5 {[%cal Re5d3]} 12. Bc2 b6 $11) ({Predecessor:} 11... Nce5 12. Bf1 a4 13. Rb1 Nxf3+ 14. Nxf3 Nc5 15. Bg5 f6 16. Bd2 Re8 17. Qc2 Bd7 {½-½ (17) Godena,M (2535)-Hamdouchi,H (2576) Calvia 2007}) 12. Bf1 Nb4 13. Nb3 Nba6 14. Bg5 Qe8 15. Bxa6 (15. Nxa5 $6 Nxe4 16. Nd2 Nac5 $11) (15. e5 $16) 15... Nxa6 $14 16. Qd2 a4 17. Nbd4 Nc5 18. Bh6 {Threatens to win with e5!} Bxh6 19. Qxh6 {[#] Threatening mate with Ng5.} f6 20. Re3 Qf7 21. Rae1 Ra6 22. R1e2 Rb6 23. Rc3 Re8 24. Qc1 Qf8 25. Nd2 Bd7 26. Rf3 Qg7 27. Nc4 Ra6 28. Rfe3 Raa8 29. Qc3 Re7 30. b4 axb3 $1 31. axb3 Rae8 {[%cal Rc5e4]} 32. Nd2 f5 (32... Bc8 $14) 33. exf5 $16 Rxe3 34. Rxe3 Rxe3 35. Qxe3 gxf5 36. N2f3 Ne4 37. Qc1 Nc5 38. Qf4 Qf6 39. Nh4 (39. Qd2 $16) 39... Kf8 $11 40. Nhf3 Ke7 41. Qc1 Kd8 42. Qa1 Ke7 43. Qa5 Na6 44. Qc3 Qf7 45. Qe3+ Kd8 46. Qh6 Nc5 {[#]} (46... Nb4 $16) 47. Ng5 $1 $36 {[%cal Rg5f7][%mdl 2048] Black is under strong pressure.} Qe8 {Strongly threatening ...Qe1+.} 48. Nge6+ $2 ({Better is} 48. Nxh7 $18 {Black must now prevent Nf6.} Qh8 49. Nxf5) 48... Kc8 (48... Nxe6 $1 $14 49. Nxe6+ (49. dxe6 c5 $11) 49... Bxe6 50. dxe6 Qe7) 49. b4 Na6 50. Nxf5 Nxb4 51. Qc1 {[%csl Ge6][%cal Rc1c7]} Nc6 52. Nfd4 {Hoping for Qc4.} Kb8 53. f4 ({Of course not} 53. dxc6 $6 Bxe6 54. Qb2 Bc8 $11) (53. g4 $16) 53... Nxd4 $1 $11 {The position is equal.} 54. Qxc7+ ({Don't play} 54. Nxd4 Qe4 $17) 54... Ka7 55. Qa5+ Kb8 56. Qc7+ Ka7 57. Qa5+ Kb8 58. Qc7+ Ka7 {Precision: White = 60%, Black = 49%.} 1/2-1/2

[Event "ZMDI Open 2018"]
[Site "Dresden"]
[Date "2018.08.04"]
[Round "3.3"]
[White "Papp, Gabor"]
[Black "Gajek, Radoslaw"]
[Result "1-0"]
[WhiteElo "2597"]
[BlackElo "2444"]
[Annotator "TA"]
[PlyCount "97"]
[EventDate "2018.08.04"]
[EventType "swiss"]
[EventCountry "GER"]
[SourceTitle "playchess.com"]
[Source "ChessBase"]
[SourceQuality "1"]

{[%evp 15,97,27,31,26,35,18,15,-37,35,10,17,0,23,9,5,3,29,30,36,28,19,18,31,18,32,25,32,20,45,0,19,8,18,4,3,2,9,8,8,3,24,29,87,69,87,77,83,60,61,72,110,50,53,53,130,116,177,170,177,160,133,1,409,409,377,220,462,455,452,450,442,433,400,387,788,731,5114,5112,5093,5089,1147,1171,29984,29985]} 1. e4 d6 2. d4 Nf6 3. Nc3 g6 4. Nf3 Bg7 5. Be2 O-O 6. O-O a6 7. Bg5 h6 {B08: Pirc Defence: Classical System} (7... Nc6 8. d5 Nb8 9. Qd2 c6 10. dxc6 Nxc6 11. Rad1 Be6 12. Bh6 Rc8 13. Bxg7 Kxg7 14. Rfe1 Bg4 15. Nd4 Nxd4 16. Bxg4 Nxg4 17. Qxd4+ {½-½ (48) Kasimdzhanov,R (2704)-Malakhov,V (2694) Berlin 2015}) 8. Bf4 Nc6 {LiveBook: 3 Games} 9. h3 b5 {White has an edge.} 10. a3 $146 ({Predecessor:} 10. d5 b4 11. Na4 Na7 12. Bd3 Bd7 13. c4 Qe8 14. b3 Bxa4 15. bxa4 {½-½ (68) Mosadeghpour,M (2535)-Firouzja,A (2558) Bushehr 2018}) 10... Bb7 11. Qc1 (11. d5 $11 Na7 12. Qd3) 11... g5 (11... Nxd4 $1 $15 12. Nxd4 e5) 12. Bh2 e6 13. Rd1 Ne7 14. e5 Nfd5 15. Nxd5 Nxd5 16. a4 Qd7 17. axb5 axb5 18. Rxa8 Bxa8 19. h4 g4 20. Ne1 f5 21. Nd3 Qe7 22. Bg3 Bc6 ({Don't play} 22... f4 $6 23. Nxf4 Nxf4 24. Bxf4 $16) 23. Bf1 Qf7 24. Nf4 dxe5 25. dxe5 Nxf4 26. Bxf4 Qe7 27. Qe3 Kh7 28. Qc3 Bd5 (28... Qe8 $11) 29. Bxb5 $16 c6 30. Bf1 ({Much weaker is} 30. Bxc6 $6 Rc8 $11) 30... Qxh4 31. Qa3 Rd8 {Hoping for ...Bxg2!} 32. Rd2 Be4 {...Rxd2 is the strong threat.} 33. Rxd8 (33. Rd6 $1 $16) 33... Qxd8 $14 34. Qd6 $1 {[%cal Rd6d8]} Qc8 (34... Qe8 $14) 35. Qe7 $1 $16 Kg6 (35... Kh8 $16 {was called for.} 36. b4 Bd5) 36. Bc4 $18 Bd5 {[#]} 37. Bxd5 $1 cxd5 {[#]} 38. b4 ({White should play} 38. c3 $1 $16) 38... Qxc2 $2 {[%mdl 8192]} (38... Bf8 $1 $11 39. Qf6+ Kh7) 39. Qxe6+ Kh7 40. Qf7 {And now e6 would win.} Qb1+ $2 (40... Qe4) 41. Kh2 {Strongly threatening e6.} Qxb4 42. Qxf5+ Kh8 43. e6 {[%cal Be5e6,Be6e7][%mdl 32]} Qf8 44. Qxg4 d4 $2 (44... Kh7 45. g3 d4) 45. Qh4 Kh7 46. e7 Qe8 47. Bd6 Qg6 48. Qg3 {White wants to mate with Qxg6+.} Qe6 49. f4 {Precision: White = 63%, Black = 30%.} 1-0

[Event "ZMDI Open 2018"]
[Site "Dresden"]
[Date "2018.08.04"]
[Round "3.4"]
[White "Souleidis, Georgios"]
[Black "Heimann, Andreas"]
[Result "1/2-1/2"]
[WhiteElo "2429"]
[BlackElo "2590"]
[Annotator "ChessBase"]
[PlyCount "108"]
[EventDate "2018.08.04"]
[EventType "swiss"]
[EventCountry "GER"]
[SourceTitle "playchess.com"]
[Source "ChessBase"]
[SourceQuality "1"]
[TimeControl "40/5400+30:1800+30"]

1. e4 {[%emt 1:30:12]} c6 {[%emt 1:30:24]} 2. d4 {[%emt 1:26:25]} d5 {[%emt 1:30:47]} 3. exd5 {[%emt 1:26:45]} cxd5 {[%emt 1:31:11]} 4. c4 {[%emt 1:26:43]} Nf6 {[%emt 1:31:24]} 5. Nc3 {[%emt 1:27:02]} Nc6 {[%emt 1:31:48]} 6. Bf4 {[%emt 1:26:10]} e6 {[%emt 1:27:54]} 7. c5 {[%emt 1:26:29]} Be7 {[%emt 1:25:48]} 8. Bb5 {[%emt 1:26:53]} O-O {[%emt 1:16:18]} 9. Nf3 {[%emt 1:27:06]} Ne4 {[%emt 1:08:57]} 10. O-O {[%emt 1:25:13]} Bd7 {[%emt 1:01:05]} 11. Bxc6 {[%emt 1:05:28]} Nxc3 {[%emt 0:57:19]} 12. Qc2 {[%emt 1:02:10]} bxc6 {[%emt 0:48:59]} 13. Qxc3 {[%emt 0:59:39]} f6 {[%emt 0:49:24]} 14. b4 {[%emt 0:55:46]} Rf7 {[%emt 0:37:14]} 15. a4 {[%emt 0:54:51]} a6 {[%emt 0:37:14]} 16. Rfe1 {[%emt 0:50:17]} Qc8 {[%emt 0:31:03]} 17. Nd2 {[%emt 0:46:24]} Bd8 {[%emt 0:29:36]} 18. Rab1 {[%emt 0:38:36]} Bc7 {[%emt 0:24:06]} 19. Bd6 {[%emt 0:38:55]} Qb8 {[%emt 0:22:28]} 20. Bxc7 {[%emt 0:29:04]} Qxc7 {[%emt 0:22:56]} 21. Nf3 {[%emt 0:25:12]} Re7 {[%emt 0:23:04]} 22. Re3 {[%emt 0:24:21]} Rb8 {[%emt 0:22:56]} 23. h3 {[%emt 0:21:33]} Be8 {[%emt 0:21:57]} 24. Qe1 {[%emt 0:19:35]} Bg6 {[%emt 0:20:06]} 25. Rb2 {[%emt 0:19:43]} Rbe8 {[%emt 0:20:28]} 26. Qf1 {[%emt 0:15:58]} Qc8 {[%emt 0:19:18]} 27. b5 {[%emt 0:15:27]} axb5 {[%emt 0:19:06]} 28. axb5 {[%emt 0:15:55]} cxb5 {[%emt 0:19:27]} 29. Qxb5 {[%emt 0:16:17]} Rc7 {[%emt 0:16:03]} 30. Qb3 {[%emt 0:10:11]} Bf7 {[%emt 0:16:12]} 31. Qb4 {[%emt 0:08:40]} h6 {[%emt 0:13:46]} 32. Rb1 {[%emt 0:07:37]} Rce7 {[%emt 0:12:39]} 33. Qc3 {[%emt 0:07:06]} Qc7 {[%emt 0:12:38]} 34. Rbe1 {[%emt 0:05:04]} Ra8 {[%emt 0:12:40]} 35. Ra1 {[%emt 0:05:02]} Ree8 {[%emt 0:11:56]} 36. Ree1 {[%emt 0:05:09]} Rxa1 {[%emt 0:08:41]} 37. Qxa1 {[%emt 0:05:33]} Bh5 {[%emt 0:07:14]} 38. Qc3 {[%emt 0:05:44]} Qf4 {[%emt 0:06:32]} 39. Qe3 {[%emt 0:05:30]} Qxe3 {[%emt 0:05:52]} 40. fxe3 {[%emt 0:05:52]} Bxf3 {[%emt 0:02:56]} 41. gxf3 {[%emt 0:05:18]} Kf7 {[%emt 0:27:09]} 42. Rb1 {[%emt 0:33:17]} f5 {[%emt 0:17:42]} 43. Rb7+ {[%emt 0:33:31]} Kf6 {[%emt 0:18:08]} 44. h4 {[%emt 0:28:28]} g5 {[%emt 0:13:06]} 45. hxg5+ {[%emt 0:13:35]} hxg5 {[%emt 0:13:35]} 46. Kf2 {[%emt 0:26:14]} Ra8 {[%emt 0:13:51]} 47. Ke2 {[%emt 0:21:08]} Ra2+ {[%emt 0:13:50]} 48. Kd3 {[%emt 0:19:47]} g4 {[%emt 0:13:50]} 49. fxg4 {[%emt 0:20:14]} fxg4 {[%emt 0:14:15]} 50. Rb8 {[%emt 0:19:42]} g3 {[%emt 0:13:35]} 51. Rg8 {[%emt 0:20:04]} g2 {[%emt 0:14:02]} 52. c6 {[%emt 0:18:47]} Ra3+ {[%emt 0:13:14]} 53. Ke2 {[%emt 0:17:55]} Rc3 {[%emt 0:13:37]} 54. Rxg2 {[%emt 0:17:50]} Rxc6 {[%emt 0:14:02]} 1/2-1/2

[Event "ZMDI Open 2018"]
[Site "Dresden"]
[Date "2018.08.04"]
[Round "3.5"]
[White "Popovic, Dusan"]
[Black "Parvanyan, Ashot"]
[Result "0-1"]
[WhiteElo "2518"]
[BlackElo "2430"]
[Annotator "ChessBase"]
[PlyCount "68"]
[EventDate "2018.08.04"]
[EventType "swiss"]
[EventCountry "GER"]
[SourceTitle "playchess.com"]
[Source "ChessBase"]
[SourceQuality "1"]
[TimeControl "40/5400+30:1800+30"]

1. e4 {[%emt 1:30:26]} e6 {[%emt 1:30:15]} 2. d4 {[%emt 1:30:39]} d5 {[%emt 1:30:37]} 3. Nd2 {[%emt 1:31:03]} Nf6 {[%emt 1:30:47]} 4. e5 {[%emt 1:31:22]} Nfd7 {[%emt 1:31:10]} 5. Bd3 {[%emt 1:31:47]} c5 {[%emt 1:31:15]} 6. c3 {[%emt 1:32:12]} Nc6 {[%emt 1:31:34]} 7. Ngf3 {[%emt 1:32:22]} g6 {[%emt 1:31:15]} 8. h4 {[%emt 1:31:53]} Qb6 {[%emt 1:30:55]} 9. h5 {[%emt 1:30:41]} Rg8 {[%emt 1:31:00]} 10. Qa4 {[%emt 1:10:14]} Be7 {[%emt 1:22:53]} 11. hxg6 {[%emt 0:42:17]} hxg6 {[%emt 1:23:15]} 12. Bb5 {[%emt 0:30:52]} a6 {[%emt 1:17:35]} 13. Bxc6 {[%emt 0:26:05]} bxc6 {[%emt 1:16:14]} 14. Nb3 {[%emt 0:23:06]} c4 {[%emt 0:53:00]} 15. Nbd2 {[%emt 0:23:30]} c5 {[%emt 0:53:22]} 16. Qc2 {[%emt 0:21:25]} cxd4 {[%emt 0:46:50]} 17. cxd4 {[%emt 0:21:44]} Nb8 {[%emt 0:47:16]} 18. b3 {[%emt 0:20:50]} Nc6 {[%emt 0:42:00]} 19. bxc4 {[%emt 0:20:26]} Nxd4 {[%emt 0:38:00]} 20. Nxd4 {[%emt 0:20:51]} Qxd4 {[%emt 0:38:25]} 21. Bb2 {[%emt 0:21:17]} Qc5 {[%emt 0:37:52]} 22. Rh3 {[%emt 0:16:46]} Bb7 {[%emt 0:27:19]} 23. Ba3 {[%emt 0:12:13]} Qc7 {[%emt 0:25:36]} 24. Qb2 {[%emt 0:03:43]} Bxa3 {[%emt 0:22:58]} 25. Rxa3 {[%emt 0:04:09]} Rh8 {[%emt 0:20:50]} 26. O-O-O {[%emt 0:00:51]} dxc4 {[%emt 0:18:58]} 27. Rc3 {[%emt 0:00:39]} Bd5 {[%emt 0:18:13]} 28. Qa3 {[%emt 0:00:39]} Rc8 {[%emt 0:11:54]} 29. f4 {[%emt 0:00:21]} Qc5 {[%emt 0:09:04]} 30. Qxa6 {[%emt 0:00:07]} Ra8 {[%emt 0:08:26]} 31. Qd6 {[%emt 0:00:06]} Qb5 {[%emt 0:07:39]} 32. Nb1 {[%emt 0:00:06]} Rb8 {[%emt 0:06:35]} 33. Kd2 {[%emt 0:00:14]} Rd8 {[%emt 0:06:44]} 34. Qc7 {[%emt 0:00:05]} Be4+ {[%emt 0:05:28]} 0-1

[Event "ZMDI Open 2018"]
[Site "Dresden"]
[Date "2018.08.04"]
[Round "3.6"]
[White "Romanov, Evgeny"]
[Black "Pfreundt, Jakob"]
[Result "1-0"]
[WhiteElo "2628"]
[BlackElo "2399"]
[Annotator "TA"]
[PlyCount "99"]
[EventDate "2018.08.04"]
[EventType "swiss"]
[EventCountry "GER"]
[SourceTitle "playchess.com"]
[Source "ChessBase"]
[SourceQuality "1"]

{[%evp 9,99,9,9,0,0,-2,-7,0,-4,-1,0,0,0,-12,-13,-39,-44,-54,18,27,85,81,81,74,86,37,83,79,81,40,40,39,62,81,88,72,95,87,85,71,102,85,97,23,47,0,0,0,88,87,81,80,88,86,133,107,124,119,148,145,214,234,289,256,466,413,475,445,550,546,583,576,575,569,662,656,600,609,607,570,694,542,665,653,749,739,765,722,997,993,989,984]} 1. Nf3 d5 2. b3 Nf6 3. Bb2 e6 4. e3 b6 5. d4 Bb7 {LiveBook: 27 Games} 6. Ne5 {A47: 1 d4 Nf6 2 Nf3 b6: Torre, London and Colle Systems} (6. c4 Nbd7 7. Nbd2 Bd6 8. Bd3 Ne4 9. Rc1 O-O 10. O-O Qe7 11. Ne5 Nxd2 12. Qxd2 Nxe5 13. dxe5 Bb4 14. Qc2 h6 15. cxd5 Bxd5 16. e4 Bb7 17. Qxc7 Rfd8 18. Qxe7 Bxe7 {½-½ (31) Nakamura,H (2792)-Nepomniachtchi,I (2751) Saint Louis 2017}) 6... Bb4+ $146 ({Predecessor:} 6... Nbd7 7. Bb5 a6 8. Nxd7 axb5 9. Nxf8 Kxf8 10. O-O Qd6 11. f3 Ke7 12. Nd2 Rhd8 13. e4 dxe4 14. fxe4 Nxe4 15. Nxe4 Bxe4 {1-0 (26) Rajlich,I (2422)-Szabo,B (2317) Budapest 2012}) 7. c3 Bd6 8. Nd2 {The position is equal.} (8. Bb5+ {is interesting.} c6 9. Bd3 Nbd7 10. f4 Ne4 11. O-O) 8... O-O 9. Bd3 Nbd7 10. f4 Ne4 11. Nxd7 Qxd7 12. Bxe4 dxe4 13. Qc2 c5 (13... f5 $15) 14. Nxe4 $11 f5 (14... cxd4 $11 15. Nxd6 Qxd6) 15. Nxd6 $16 Qxd6 16. c4 Be4 17. dxc5 Qxc5 18. Qc3 {[%csl Gb2][%cal Rc3g7] [#]} Rf7 19. O-O-O {[%cal Ba1d1,Bd1d4,Bd4d8][%mdl 32]} Rc8 20. Rd4 h6 21. Rhd1 Rcc7 22. g4 Bf3 23. Rd8+ Kh7 24. R1d6 Bxg4 25. Rxe6 Rfd7 {[#]} 26. Ree8 (26. Rxd7 $1 $16 Rxd7 27. Qe5) 26... Qc6 $11 27. Rh8+ Kg6 {( -> ...Qh1+)} 28. Qe1 Rxd8 (28... b5 $11 {keeps the balance.} 29. h3 Bxh3) 29. Rxd8 $16 Rd7 30. Rxd7 Qxd7 31. Bd4 Kh7 32. a4 {[%cal Ba2a4,Ba4a5,Ba5b6][%mdl 32]} Qe7 33. Kb2 Bf3 34. a5 Qb7 (34... g5 $16 35. fxg5 (35. axb6 axb6 36. fxg5 hxg5 $18) 35... hxg5) 35. Qb4 $18 Be4 36. axb6 a6 $2 (36... axb6 37. Qxb6 (37. Bxb6 Bd3 $18) 37... Qxb6 38. Bxb6 g5) 37. Qf8 Qd7 38. Ka3 {White is clearly winning.} Kg6 39. Kb4 Kh5 40. Qxg7 Qd6+ 41. c5 Qc6 42. Qf7+ Kg4 {intending ...Qb5+.} 43. Qg8+ Kf3 44. Qc4 Kg2 45. Qe2+ Kh1 46. h4 Qc8 47. Ka5 Qg8 48. Qc4 Bd5 49. Qc1+ Kh2 50. c6 {Precision: White = 58%, Black = 31%.} 1-0